| 000 | 00553nam a2200181Ia 4500 | ||
|---|---|---|---|
| 003 | IN-BaIIA | ||
| 008 | 211028s9999 xx 000 0 eng d | ||
| 020 | _a0-85226-427-5 | ||
| 040 | _cIIA Library | ||
| 080 |
_a517.9 _bJAI |
||
| 100 |
_aJain, M. K. _910927 |
||
| 245 | 0 |
_aNumerical solution of differential equations _cM. K. Jain |
|
| 260 |
_aNew Delhi _bWiley Eastern _c1979 |
||
| 300 | _axiii, 443p. | ||
| 650 |
_aDifferential Equations _91510 |
||
| 650 |
_aNumerical Solutions _910928 |
||
| 942 | _cBK | ||
| 999 |
_c6370 _d6370 |
||